Energetická, ekonomická a environmentálna analýza vykurovania a prípravy TV v bytovom dome

Enregistré dans:
Détails bibliographiques
Auteur principal: Cibira, Jakub (Auteur)
Autres auteurs: Takács, Ján (Directeur de thèse)
Format: Manuscrit Livre
Langue:slovaque
Publié: 2024
Sujets:
Accès en ligne:http://is.stuba.sk/zp/portal_zp.pl?podrobnosti=178070
https://opac.crzp.sk/?fn=detailBiblioForm&sid=AA0D9432EF6DE826C9191D4F11D3
Tags: Ajouter un tag
Pas de tags, Soyez le premier à ajouter un tag!

MARC

LEADER 00000ntm a22000003a 4500
001 stuzp98350
003 SK-STU
005 20240910092053.0
007 ta
008 150427s2015----xo-----f-mn---000-0-slo-d
040 |a STU  |b slo 
041 0 |a slo 
100 1 |a Cibira, Jakub  |u 010290  |4 aut  |U SvF Stavebná fakulta  |T SvF Katedra technických zariadení budov  |X 97626  |U V290  |Y 31  |7 97626 
242 0 1 |a Energy, economic and environmental analysis of heating and DHW preparation in an apartment building  |y eng 
245 1 0 |a Energetická, ekonomická a environmentálna analýza vykurovania a prípravy TV v bytovom dome 
260 |c 2024 
650 4 |a produkcia emisií CO2  |2 slo 
650 4 |a energetická bilancia  |2 slo 
650 4 |a investície  |2 slo 
650 4 |a production of CO2 emissions  |2 eng 
650 4 |a energy balance  |2 eng 
650 4 |a investments  |2 eng 
700 1 |a Takács, Ján  |4 ths  |X 663  |7 A000000663 
856 4 |u http://is.stuba.sk/zp/portal_zp.pl?podrobnosti=178070 
856 4 |u https://opac.crzp.sk/?fn=detailBiblioForm&sid=AA0D9432EF6DE826C9191D4F11D3